00270nam a2200121Ia 4500008004100000100001800041245001800059260002000077300000800097650001900105942000700124999001700131190216s9999||||xx |||||||||||||| ||und|| aGopalamenon V 0aLokacharitram bMacmillanc1976 a300 aIndian History cBK c18915d18915